The liturgical considerator considered, or, A brief view of Dr. Gauden's considerations touching the liturgy of the Church of England : wherein the reasons by him produced for imposing the said liturgy upon all, are found to be so weak ... that some, who upon His Majesties declaration did incline to the liturgy, are now further from it, by reading his wordy discourse about it. Also some reasons humbly rendered, why many ministers, as yet cannot conform to that liturgy, but not out of disloyalty, pride, ingratitude, peevishness, nor schismatical petulancy, as the sarcastical pen of this uncharitable doctor hath published. /

Bibliographic Details
Main Author: Firmin, Giles, 1614-1697
Format: eBook
Language:English
Published: London : Printed for Ralph Smith ..., 1661.
Series:Early English books online.
Subjects:
Online Access:Connect to the full text of this electronic book

MARC

Tag First Indicator Second Indicator Subfields
LEADER 00000nam a2200000Ia 4500
001 in00004310708
005 20200813084924.0
006 m g d
007 cr bn |||a|bb|
008 021104s1661 enk o 000 0 eng d
035 |a (OCoLC)50922835 
040 |a EAE  |e dcrb  |c EAE 
037 |a CL0051000001  |b ProQuest Information and Learning 300 N. Zeeb Rd., Ann Arbor, MI 48103-1553 
043 |a e-uk-en 
045 0 |b d16440820 
049 |a UMIA 
100 1 |a Firmin, Giles,  |d 1614-1697. 
245 1 4 |a The liturgical considerator considered, or, A brief view of Dr. Gauden's considerations touching the liturgy of the Church of England :  |b wherein the reasons by him produced for imposing the said liturgy upon all, are found to be so weak ... that some, who upon His Majesties declaration did incline to the liturgy, are now further from it, by reading his wordy discourse about it. Also some reasons humbly rendered, why many ministers, as yet cannot conform to that liturgy, but not out of disloyalty, pride, ingratitude, peevishness, nor schismatical petulancy, as the sarcastical pen of this uncharitable doctor hath published. /  |c by G.F. ... 
246 3 0 |a Brief view of Dr. Gauden's considerations touching the liturgy of the Church of England 
246 3 6 |a Dr. Gauden's liturgical considerations considered 
260 |a London :  |b Printed for Ralph Smith ...,  |c 1661. 
300 |a 1 online resource ([24], 39 pages) 
336 |a text  |b txt  |2 rdacontent 
337 |a computer  |b c  |2 rdamedia 
338 |a online resource  |b cr  |2 rdacarrier 
500 |a Annotation on Thomason copy: "Feb 15"; in imprint, "1" in "1661" changed to "0". 
500 |a Reproduction of original in Thomason Collection, British Library. 
510 4 |a Thomason  |c E.1082[7] 
533 |a Electronic reproduction.  |b Ann Arbor, Mich. :  |c UMI,  |d 1999-  |f (Early English books online)  |n Digital version of: (Thomason Tracts ; 161:E1082[7])  |7 s1999 miun s 
600 1 0 |a Gauden, John,  |d 1605-1662.  |t Considerations touching the liturgy of the Church of England. 
610 2 0 |a Church of England  |x Liturgy  |x Controversial literature. 
830 0 |a Early English books online. 
856 4 0 |u http://proxy.library.tamu.edu/login?url=https://search.proquest.com/docview/2240892050  |z Connect to the full text of this electronic book  |t 0 
994 |a 02  |b EAE 
999 f f |s b42f74c2-595b-3ebe-814d-e66157d4dbb8  |i 8fb29ea1-20c4-3df6-a756-bc7ef0aef514  |t 0 
952 f f |a Texas A&M University  |b College Station  |c Electronic Resources  |d Available Online  |t 0  |h No information provided 
998 f f |t 0  |l Available Online